Jubileum Vladimíra Mináča

Bibliographic Details
Main Author: Kasáč, Zdenko, 1924-2017 (Author)
Format: Article
Language:Slovak
Subjects:

MARC

LEADER 00000nab a2200000 a 4500
001 vtls000473601
003 SK-MaSNL
005 20260303173626.0
008 160216c1992 xo 0 slo
015 |a SNBRB19rr/mm-uuuuu 
035 |a CL0473735 
040 |a SNKBUCL  |b slo  |c SNKBUCL  |e AACR2 
041 0 |a slo 
044 |a xo  |c SK 
080 |a 82:929:885.4  |2 1981 
080 |a 885.4  |2 1981 
080 |a 929 Mináč, Vladimír  |2 1981 
100 1 |a Kasáč, Zdenko,  |d 1924-2017  |4 aut  |9 103553 
245 1 0 |a Jubileum Vladimíra Mináča  |c Zdenko Kasáč 
600 1 7 |a Mináč, Vladimír,  |d 1922-1996  |2 snkbucl  |9 103107 
655 7 |a články z novín a časopisov  |2 snkbucl  |9 267496 
655 7 |a články z odboru literárna veda a krásna literatúra  |2 snkbucl  |9 770045 
773 0 |t Obzor Gemera-Malohontu  |g Roč. 23, č. 2 (1992), s. 71-74 
850 |a Slovenská národná knižnica v Martine  |a MTA001 
852 |a SNK  |b KIS3GCP 
958 |a BX 
958 |a LX 
992 |a RBX 
999 |c 2093113  |d 2095043